| 000 | 00911cam a22002054a 4500 | ||
|---|---|---|---|
| 005 | 20250605163937.0 | ||
| 008 | 250528s ||||||||||||||||||||||||d | ||
| 035 | _a14906 | ||
| 020 | _a719026342 | ||
| 040 |
_aGR-AtMCL _bgre _dGR-AtMCL _eAACR2 |
||
| 245 | 1 | _aThe Law of the Sea | |
| 250 | _a1st | ||
| 260 |
_bChurchill R. R _bManchester University Press, _c1988 |
||
| 300 | _a374 | ||
| 520 | _aPreface, Abbreviations, Introduction, Baselines, Internal Waters, The Territorial Sea, Straits, Archipelagow, The Continuous Zone, The Continental Shelf, The Exclusive Economic Zone, Delimitation of Maritime Boundaries, Navigation, Fishing, Marine Pollution, Marine Scientific Research and the Transfer of Technology, Military Uses of the Sea, Landlocked and Geographically Disadvantaged States, Settlement of Disputes, Index. | ||
| 700 | 1 |
_aLowe V. A _9702 |
|
| 942 | _cBK | ||
| 999 |
_c517 _d517 |
||